| 000 | 00796nas a2200253 4500 | ||
|---|---|---|---|
| 001 | BR2013003689 | ||
| 003 | BR-BrBNA | ||
| 005 | 20231205122318.0 | ||
| 007 | ta | ||
| 008 | 230509b bl.|||p| |||| 00| 00por d | ||
| 040 |
_aBR-BrBNA _bpor _cBiblioteca Nacional de Agricultura |
||
| 041 | _a(Pt) | ||
| 072 | _aF70 | ||
| 100 | 1 | _aBicudo, C.E. de M. | |
| 245 | 1 | _aCriptógamos do Parque Estadual das Fontes do Ipiranga, São Paulo, SP. Algas, 28: Euglenophyceae (família Eutreptiaceae) | |
| 650 | _aCRIPTÓGAMO | ||
| 650 | _aALGA | ||
| 650 | _aTAXONOMIA | ||
| 650 | _aDISTRIBUIÇÃO GEOGRÁFICA | ||
| 650 | _aSÃO PAULO | ||
| 773 | 0 |
_tHoehnea (Brazil) _xISSN 0073-2877 _g(Jun 2010), v. 37(2) p. 377-381 _wBR2013003689 |
|
| 909 |
_a202311 _bLúcia _c55 _dLúcia Elande |
||
| 942 |
_2AGRIS _n0 _cANA |
||
| 999 |
_c228008 _d228008 |
||